paroles Repenses-y si tu veux-David Hallyday - Statistiques

Statistiques générales
  • Ce quiz a été pris 9 fois
  • Le résultat moyen est 138 sur 169
Statistiques - réponses
Paroles % Correct
a
100%
à
100%
ces
100%
de
100%
des
100%
en
100%
Et
100%
la
100%
le
100%
les
100%
ne
100%
nos
100%
nous
100%
100%
peux
100%
plus
100%
Plus
100%
que
100%
Repenses
100%
sans
100%
si
100%
Si
100%
te
100%
tes
100%
tout
100%
tu
100%
veux
100%
vie
100%
au
83%
aux
83%
Aux
83%
du
83%
même
83%
n'as
83%
Oui
83%
Repenses-y
83%
repenses-y
83%
yeux
83%
deux
67%
été
67%
forts
67%
instants
67%
loin
67%
Lorsque
67%
lorsque
67%
moments
67%
Quelques
67%
sont
67%
taire
67%
arrière
50%
caprices
50%
contacts
50%
disputes
50%
douces
50%
doux
50%
entre
50%
étendues
50%
évidences
50%
face
50%
grillages
50%
images
50%
intenses
50%
intérieur
50%
laissés
50%
lien
50%
l'impact
50%
lueurs
50%
minutes
50%
mots
50%
offert
50%
pardons
50%
purs
50%
questions
50%
regarder
50%
repères
50%
repos
50%
reste
50%
seul
50%
silences
50%
vide
50%
vraiment
50%
Aucun quiz correspondant
Distribution des résultats
% des personnes avec chaque résultat
Percentile par nombre de réponses
Votre historique - résultats
Vous n’avez pas pris ce quiz